| 000 | 00518nam a2200181Ia 4500 | ||
|---|---|---|---|
| 005 | 20250423100520.0 | ||
| 008 | 250422s9999 xx 000 0 und d | ||
| 020 | _a0880116056 | ||
| 050 | _aRA 781 .D5485/ | ||
| 100 | _aDishman, Rod K. | ||
| 245 | 0 | _aPhysical activity epidemiology | |
| 260 | _aChampaign | ||
| 260 | _bHuman Kinetics | ||
| 260 | _cc2004 | ||
| 300 | _a467 p | ||
| 650 | _aExercise--Health aspects. Health behavior. Epidemiology. Exercise. Epidemiologic Methods. Health Promotion. | ||
| 942 | _cBK | ||
| 999 |
_c33539 _d33539 |
||